000 00308nam a22001337a 4500
008 170605b xxu||||| |||| 00| 0 eng d
020 _a9780821415382
041 _aeng
080 _a94(6)
100 _a18
101 _aSHH
245 _aSOCIAL HISTORY & AFRICAN ENVIRONMENT
_cBEINART, W
942 _2udc
_cBK
999 _c15975
_d15975